000 00775 a2200241 4500
001 43864
005 20260407155719.0
008 260407a1992 arg spa d
003 AR-UNSa-BCEJYS
040 _aAR-UNSa-BCEJYS
_bspa
_cAR-UNSa-BCEJYS
080 _a911.3:33
_xGeografía económica
245 1 0 _aGeografía y comercio
020 _a978-84-85855-64-3
264 1 _aBarcelona :
_bAntoni Bosch
_c1992
300 _a152 p.
_c22 cm.
505 _a1. Centro y periferia - 2. Localización - 3. Regiones y naciones -
041 _aspa
942 _cBK
590 _aniveau_biblio:m niveau_hierar:0
100 1 _aMéndez, Alfons
700 1 _aKrugman, Paul R.
856 4 1 _uhttps://biblioeco.unsa.edu.ar/pmb/images/libros/L126829.jpg
_yImagen de portada
_qimage/jpeg
999 _c3732
_d3732